000
00306nam a22001457a 4500
008
210322b ||||| |||| 00| 0 eng d
020
_a
9780805350159
041
_a
eng
080
_a
575
082
_a
575
100
_a
5
101
_a
BIO
245
_a
Biochemistry
_c
Mathews, CH. K
942
_2
udc
_c
BK
999
_c
56655
_d
56655